MDQL
is popping MORE tags! Check the
thread
!
Quizzes
Events
Quiz Creation
Community
Videos
Private Events
Remove Ads
Sign In
Join for FREE
Feedback
Dark Mode
Quiz Categories
Sports
Geography
Music
Movies
Television
Just For Fun
Miscellaneous
History
Literature
Language
Science
Gaming
Entertainment
Religion
Holiday
For Kids
Quiz Lab
Recent
Popular Today
Quiz Kudos Today
Editor Picks
Curator Picks
Quizzes by...
Day
Popularity
Type
Ratings
Length
Year
Community
Subscriptions
Recent Discussions
Orange Saloon
Badges
Playlists
Quests
Create
Leaderboards
Showdown
Live 5
Trivia Bingo
Activity
Puzzle Library
Sporcle Events
Private Events
Virtual Trivia
Globe League
Become a Host
Pub Owners
SporcleCon
Opinionation
Our Games
Videos
Blog
Mobile Apps
Partnerships
Remove Ads and Go Orange
Feedback
History
US Presidents
World Leaders
Politics
Nation
Discovery
War
Decade
Year
Century
Biography
Art
History
US Presidents
World Leaders
Politics
Nation
Discovery
War
Decade
Year
Century
Biography
Art
Random Quiz
Search Sporcle
×
Quiz Lab
Quiz Lab
History
Prisoner
Select answers by clicking on text or image buttons
Select answers by clicking on text or image buttons
Clickable
Best Score? Go Orange.
Alcatraz Inmate Numbers Stats
Can you pick the Alcatraz Inmate Numbers
By
Johnny37
10m
50 Questions
28 Plays
28 Plays
28 Plays
Comments
Comments
Give Quiz Kudos
Give Quiz Kudos
-
- Ratings
hide this ad
Forced Order
Answers have to be entered in order
Answers have to be entered in order
Random Order
Randomize order of answers
Randomize order of answers
Replay
Link that replays current quiz
Next Quiz
Link to next quiz in quiz playlist
You Got
0%
They Got
Avg Score
13%
Avg Friend Score
Upgrade to see
Score Distribution
Jump to the score distribution portion of the page
Score
0/50
Timer
10:00
0
Plays Today
% Correct
Alphonse Capone
28.6%
George Kelly
21.4%
Harold Breast
21.4%
Lloyd Barkdoll
21.4%
Albert Bates
17.9%
Theodore James Audett
17.9%
John Giles
17.9%
Theodore James Audett
17.9%
Robert Stroud
17.9%
Darl Parker
17.9%
Allen West
17.9%
Miran Thompson
17.9%
Roy Gardner
14.3%
Joseph Bowers
14.3%
Theodore Cole
14.3%
Ralph Roe
14.3%
Thomas Limerick
14.3%
Arthur 'Doc' Barker
14.3%
Rufe Persful
14.3%
Rufus Franklin
14.3%
William Martin
14.3%
Dale Stamphill
14.3%
Harold Breast
14.3%
Floyd Hamilton
14.3%
Sam Shockley
14.3%
% Correct
Clarence Carnes
14.3%
Theodore James Audett
14.3%
John Paul Scott
14.3%
Frank Morris
14.3%
John Anglin
14.3%
Floyd Wilson
14.3%
Charles Berta
10.7%
Henri Young
10.7%
Rufus McCain
10.7%
Alvin Karpis
10.7%
Bernard Coy
10.7%
John Bayless
10.7%
Joe Cretzer
10.7%
James Boarman
10.7%
Basil Banghart
10.7%
Whitey Bulger
10.7%
Clarence Anglin
10.7%
Bumpy Johnson
10.7%
Harvey Bailey
7.1%
James Lucas
7.1%
Volney Davis
7.1%
Ted Huron Walters
7.1%
Arnold Kyle
7.1%
Aaron Burgett
7.1%
Marvin Hubbard
7.1%
Quiz Playlist
Details
Report
Send in Message
Add To Playlist
Clickable:
Select answers by clicking on text or image buttons
Forced Order:
Answers have to be entered in order
Random Order:
Randomize order of answers
Last Updated: Feb 16, 2017
Quiz Scoreboard
CHALLENGE
Sign Up to Join the Scoreboard
Show All
Scores
Hide
Comments
May contain spoilers
Recently Published
Street Fighter Characters
by Artimus82
Gaming
60s
9x9 Crossword: Cartoon Network
by jackfrog10
Miscellaneous
3m
College Basketball Coaching Resumes
by pancakes188
Sports
9m
More to Explore
Quiz From the Vault
Featured Blog Post
Where Did the Easter Bunny Come From?
hide this ad
You Might Also Like...
Tags
inmate
prison
Prisoner
The Rock
Today's Top Quizzes in History
Browse History
hide this ad
Today's Top Quizzes in Prisoner
Browse Prisoner
Top Contributed Quizzes in History
1
Popular People in 1991
2
Popular People in 1981
3
Popular People in 1951
4
Popular People in 1941
5
Popular People in 1986
6
Popular People in 1976
7
Popular People in 1921
8
5-to-1: 20th Century Images of War
9
I Am Born On March 28th
10
Popular People in 1946
Explore More
Trending Topics
Marvel
Anime
Harry Potter
Disney
NBA
Crossword
Kpop
Puzzle
WWE
Pokémon
NFL
Country
Soccer
Song
The Office
hide this ad
More By:
Johnny37
Quiz
Plays
Rating
Category
Featured
Created
ALCATRAZ ESCAPE ATTEMPTS
62
1.00
History
Oct 23, 2013
Alcatraz Inmate Numbers
28
2.00
History
Oct 22, 2013
Go to Creator's Profile
Score Distribution
Quiz Creator Spotlight
Johnny37
Follow
Send a Message
Quizzes Created
-
Created Quiz Play Count
-
More By This Creator
Popular Quizzes Today
1
Find the US States - No Outlines Minefield
2
Find the Countries of Europe - No Outlines Minefield
3
The Countries of the World
4
Find the US States
5
Risky Map Clicking: Biggest States A-Z
6
US States
7
Popular People in 1961
8
Movies - When Are They Set?
More History Quizzes
Asian World Leaders
Editor's Pick
Trending Quizzes
Risky Map Clicking: Least Populous States A-Z
Billboard Blitz: Aretha Franklin
Famous Russians: Author or Composer?
1-10 Letter G Words
Countries of the World: 200 Million BC
Recently Updated
Leaping Animals
pecheneg
Reality TV Shows (A-Z)
bhenderson79
Rickey Henderson's Hall of Fame Teammates
pecheneg
Champions League XIs: Arsenal
pecheneg
Quick Pick: Celebrities in WWE's Hall of Fame
aduchscher
A-Z Keypad Blitz II
pecheneg
Multiple Oscar Actors
pecheneg
Mystery Phrase Blitz: Oscar 'Best Actors'
pecheneg
F. Scott Fitzgerald Novels
LTH
Pick 3 Villains
ddd62291
Trending Topics
Kpop
Anime
Harry Potter
NBA
Crossword
Disney
Marvel
Pokémon
Soccer
Song
Puzzle
WWE
NFL
The Office
Country
Your Account Isn't Verified!
In order to create a playlist on Sporcle, you need to verify the email address you used during registration. Go to your
Sporcle Settings
to finish the process.
Report this User
Report this user for behavior that violates our
Community Guidelines
.
Details:
Send Report
Go to the Sporcle.com Mobile Site →
Comments